000 00710nam a22002297a 4500
003 OSt
005 20260122040625.0
008 260122b |||||||| |||| 00| 0 eng d
020 _a0-07-255940-3.
040 _aDWCL-Main lib
_cOC
082 _26th edition
_aCirc. 808.042 C647s 2004
100 _aClouse, Barbara F.
245 _aThe student writer :
_beditor and critic
_cClouse, Barbara F.
260 _aN. Y. :
_bMcGraw-Hill Co.,
_cc2004.
300 _axxxii, (various paging) :
_bcolored illustration ;
504 _aIncludes index.
650 _21. Criticism.
650 _22. Editing.
650 _23. English language-Rhetoric.
650 _24. Report writing.
942 _2ddc
_cBK-CIRC
_kCirc.
_n0
999 _c7684
_d7684